Ruben Rios (Record no. 4896)

MARC details
000 - LÍDER
campo de control de longitud fija 00868nam a2200205Ia 4500
008 - ELEMENTOS DE DATOS DE LONGITUD FIJA - INFORMACIÓN GENERAL
campo de control de longitud fija 0000001992 pr a 0000000000spa00
090 ## - NÚMERO DE LLAMADA DE TIPO LC LOCALMENTE ASIGNADO (OCLC)
Número de clasificación (OCLC) (R) PPR00 P27r1
100 1# - ENTRADA PRINCIPAL - NOMBRE PERSONAL
Nombre de la persona Pérez Ruiz, José Antonio
245 10 - TÍTULO DECLARACIÓN
Título Ruben Rios
Resto del título : ritmos de un trópico
Declaración de responsabilidad / ensayo José Antonio Pérez Ruiz ; fotografías Heriberto Castro
260 ## - PUBLICACIÓN, DISTRIBUCIÓN
Lugar de publicación Santurce (Puerto Rico) : Ruby Gallery
Fecha de publicación 1992
300 ## - DESCRIPCIÓN FÍSICA
Alcance [16] p.
Dimensiones / 24 cm.
500 ## - NOTA GENERAL
Nota general Exposición realizada en Ruby Gallery, Santurce (Puerto Rico), Marzo 5 Abril 5, 1992 \ Con el patronazgo del maestro venezolano Jesús Rafael Soto (q.e.p.d.)
600 00 - ENTRADA DE SUJETO AÑADIDO - NOMBRE PERSONAL
Nombre de la persona RIOS, RUBEN, 1948/
Subdivisión general TRABAJOS PICTORICOS
650 14 - ENTRADA DE SUJETO AÑADIDO - TÉRMINO TÓPICO
Término tópico o elemento de entrada del nombre geográfico ARTE CONTEMPORANEO PUERTORRIQUEÑO
650 14 - ENTRADA DE SUJETO AÑADIDO - TÉRMINO TÓPICO
Subdivisión general CATALOGOS
650 14 - ENTRADA DE SUJETO AÑADIDO - TÉRMINO TÓPICO
Subdivisión general EXPOSICIONES
650 14 - ENTRADA DE SUJETO AÑADIDO - TÉRMINO TÓPICO
Término tópico o elemento de entrada del nombre geográfico PINTORES PUERTORRIQUEÑOS
650 14 - ENTRADA DE SUJETO AÑADIDO - TÉRMINO TÓPICO
Término tópico o elemento de entrada del nombre geográfico PINTURA PUERTORRIQUEÑA
700 1# - ENTRADA AGREGADA - NOMBRE PERSONAL
Nombre de la persona Castro, Heriberto
Holdings
Estado de retirada Pérdida de estatus Estado dañado No para préstamo Código de recogida Ubicación permanente Ubicación actual Ubicación de las estanterías Fecha de adquisición Número de llamada completo Código de barras Fecha de la última vez que se vio Número de copia Precio efectivo desde Tipo de artículo Koha
        General ArtNexus ArtNexus General 06/09/2022 P-PR-00 P27R1 4900 06/09/2022 Ej.1 06/09/2022 Libro

Powered by Koha